|
|
|
|
| LEADER |
01708nam a22004212a 4500 |
| 001 |
001715262 |
| 003 |
CZ BrMZK |
| 005 |
20200102123207.0 |
| 007 |
ta |
| 008 |
191106s1951 xr er|||||||||||cze d |
| 015 |
|
|
|a cnb000502687
|
| 035 |
|
|
|a (OCoLC)85304927
|
| 040 |
|
|
|a ABA001
|b cze
|c BOA001
|d ABA001
|d BOA001
|
| 041 |
1 |
|
|a cze
|h rus
|
| 072 |
|
7 |
|a 791
|x Film. Cirkus. Lidová zábava
|2 Konspekt
|9 3
|
| 080 |
|
|
|a 791
|2 MRF
|
| 080 |
|
|
|a 791(091)
|2 MRF
|
| 080 |
|
|
|a (47+57)
|2 MRF
|
| 080 |
|
|
|a (048.8)
|2 MRF
|
| 100 |
1 |
|
|a Pudovkin, Vsevolod Illarionovič,
|d 1893-1953
|7 jn19990210511
|4 aut
|
| 245 |
1 |
0 |
|a Cesty rozvoje sovětského filmového umění /
|c V.I. Pudovkin, E.M. Smirnova ; [z] ruského originálu ... přeložil [a] doslov [napsal] Otakar Váňa
|
| 260 |
|
|
|a Praha :
|b Svaz československo-sovětského přátelství,
|c 1951
|
| 300 |
|
|
|a 32 s. ;
|c 8°
|
| 490 |
1 |
|
|a Knihovnička měsíčníku "Sovětským filmem" ;
|v roč. 1, č. 1
|
| 504 |
|
|
|a Obsahuje bibliografické odkazy
|
| 550 |
|
|
|a Vydavatel: Svaz československo-sovětského přátelství
|
| 650 |
0 |
7 |
|a film
|7 ph114534
|z Sovětský svaz
|2 czenas
|
| 650 |
0 |
7 |
|a dějiny filmu
|7 ph433024
|2 czenas
|
| 655 |
|
7 |
|a přehledy
|7 fd133202
|2 czenas
|
| 765 |
0 |
|
|t Puti razvitija sovetskoj chudožestvennoj kinematografii
|9 Česky
|
| 700 |
1 |
|
|a Smirnova, E. M.
|4 aut
|
| 700 |
1 |
|
|a Váňa, Otakar,
|d 1927-2012
|7 jk01141385
|4 trl
|4 waw
|
| 710 |
2 |
|
|a Svaz československo-sovětského přátelství
|7 ko2003174487
|4 isb
|
| 830 |
|
0 |
|a Knihovnička měsíčníku "Sovětským filmem"
|
| 910 |
|
|
|a BOA001
|b X-0269.614
|
| 990 |
|
|
|a BK
|
| 991 |
|
|
|b 201911
|
| 996 |
6 |
|
|b 2618820914
|c X-0269.614
|l MZK
|r Sklad / do 24 hodin
|n 0
|w 001765963
|u 000010
|a 1
|e BOA001
|j MZK50
|s P
|